[Event "Sochi ChessAmateur op10"]
[Site "Sochi"]
[Date "2018.10.15"]
[Round "6"]
[White "Nikoghosyan, Marlen"]
[Black "Zhapova, Yana"]
[Result "0-1"]
[WhiteElo "1203"]
[BlackElo "1768"]
[PlyCount "74"]
[EventDate "2018.10.12"]
[EventType "swiss"]
[EventRounds "9"]
[EventCountry "RUS"]
[SourceTitle "CBM 187 Extra"]
[Source "ChessBase"]
[SourceDate "2018.11.04"]
[SourceVersion "1"]
[SourceVersionDate "2018.11.04"]
[SourceQuality "1"]

1. e4 c5 2. Nf3 d6 3. d4 cxd4 4. Nxd4 Nf6 5. Nc3 a6 6. f3 e6 7. Be3 Qc7 8. Qd2 b5 9. a3 Nbd7 10. 0-0-0 Bb7 11. Bxb5 axb5 12. Ndxb5 Qc6 13. Nxd6+ Bxd6 14. Qxd6 Qxd6 15. Rxd6 Ke7 16. Rhd1 Rhc8 17. Bg5 Ke8 18. Bxf6 Nxf6 19. g4 Bc6 20. Na2 Nd7 21. Nb4 Bb5 22. R6d2 Nc5 23. Kb1 Rd8 24. Ka2 Rxd2 25. Rxd2 Rd8 26. Rf2 Rd4 27. b3 Kd8 28. c4 Be8 29. Kb2 Kc8 30. Kc3 Rd1 31. a4 Kb7 32. Kc2 Rd8 33. Na2 Kb6 34. a5+ Ka6 35. b4 Ba4+ 36. Kb1 Rd1+ 37. Nc1 Nd3 0-1